Statystyki dla Historia Polski

Kliknij tutaj aby rozwiązać quiz!

Ogólne statystyki

  • Ten quiz został rozwiązany 851 razy
  • Średni wynik to 14 z 38

Statystyki odpowiedzi

DataWydarzenie z tego roku% Poprawnych
966Chrzest Polski
98%
1025Koronacja Bolesława Chrobrego
86%
1410Bitwa pod Grunwaldem
70%
17721 Rozbiór Polski
69%
17932 Rozbiór Polski
69%
17953 Rozbiór Polski
69%
1944Powstanie warszawskie
68%
1830-1831Powstanie listopadowe
66%
1863-1864Powstanie styczniowe
66%
1653Powstanie Chmielnickiego
65%
1945Koniec wojny
57%
1386Unia w Krewie
56%
11.11.1918Odzyskanie niepodległości
53%
1939Wybuch Drugiej wojny światowej
46%
1370Koniec Dynastii Piastów
45%
2004Dołączenie Polski do UE
42%
1655-1660Potop Szwedzki
42%
1989Upadek komunizmu w Polsce
40%
201915-lecie dołączenia Polski do UE
34%
1569Unia Lubelska
31%
2010Katastrofa lotnicza w Smoleńsku
29%
1683Odsiecz Wiedeńska
26%
2020-2021Pandemia wirusa COVID 19
25%
1815Kongres Wiedeński i ponowny podział
18%
1791Uchwalenie Konstytucji 3 maja
17%
2018100-lecie odzyskania niepodległości
16%
1922Powrót Marszałka Piłsudskiego do władzy
14%
1935Śmierć Marszałka Piłsudskiego
14%
1572Pierwsza Wolna Elekcja
12%
1807Utworzenie Księstwa Warszawskiego
12%
1364Otworzenie Uniwersytetu Jagiellońskiego (Akademii Krakowskiej)
11%
1978Wybór Jana Pawła II na papieża
11%
1970Strajki grudniowe
10%
1320Zjednoczenie Polski
7%
1764Elekcja Ostatniego króla Polski
5%
1704Podwójna Elekcja
5%
1138Rozpad Dzielnicowy
4%
1605Dymitriada
1%

Rozkład punktacji

Percentyl według liczby udzielonych odpowiedzi

Procent ludzi z każdym wynikiem

Twoja historia wyników

Nie rozwiązałeś tego quizu